000
00451nam a2200181Ia 4500
008
100917s9999 xx 000 0 und d
082
_b
44381
100
_a
भावे पु. भा.
245
_a
वायबार
260
_b
संजय प्रकाशन
_c
1980
300
_a
129
365
_b
15
520
_a
कथा
630
_a
वायबार
650
_a
कथा
730
_a
वायबार
942
_c
BOOK
999
_c
649775
_d
649772